[Event "Novokuznetsk Old Stager op"]
[Site "Novokuznetsk"]
[Date "2015.01.31"]
[Round "6"]
[White "Pantykin, Nikolai"]
[Black "Martjushov, Vasily"]
[Result "1/2-1/2"]
[WhiteElo "2148"]
[BlackElo "2019"]
[PlyCount "46"]
[EventDate "2015.01.10"]
[EventType "swiss"]
[EventRounds "9"]
[EventCountry "RUS"]
[SourceTitle "EXT 2018"]
[Source "ChessBase"]
[SourceDate "2017.10.13"]
[SourceVersion "1"]
[SourceVersionDate "2017.10.13"]
[SourceQuality "1"]

1. e4 c6 2. d4 d5 3. Nc3 dxe4 4. Nxe4 Bf5 5. Ng3 Bg6 6. Nh3 Nd7 7. Nf4 e5 8. Nxg6 hxg6 9. Be3 exd4 10. Bxd4 Ngf6 11. Bd3 Bd6 12. Qe2+ Qe7 13. Qxe7+ Bxe7 14. 0-0-0 0-0 15. h4 Bd6 16. Ne4 Bf4+ 17. Kb1 Rfe8 18. f3 Nxe4 19. Bxe4 Nf6 20. Bxf6 gxf6 21. Rd7 f5 22. Bd3 b5 23. c4 Rad8 1/2-1/2

[Event "Novokuznetsk Old Stager op"]
[Site "Novokuznetsk"]
[Date "2015.01.11"]
[Round "2"]
[White "Pantykin, Nikolai"]
[Black "Kuznetsova, Luba"]
[Result "1/2-1/2"]
[WhiteElo "2148"]
[BlackElo "1995"]
[PlyCount "55"]
[EventDate "2015.01.10"]
[EventType "swiss"]
[EventRounds "9"]
[EventCountry "RUS"]
[SourceTitle "EXT 2018"]
[Source "ChessBase"]
[SourceDate "2017.10.13"]
[SourceVersion "1"]
[SourceVersionDate "2017.10.13"]
[SourceQuality "1"]

1. d4 Nf6 2. c4 g6 3. Nc3 Bg7 4. g3 d6 5. Bg2 0-0 6. Bg5 c6 7. Nf3 Nbd7 8. 0-0 h6 9. Bd2 e5 10. Qc2 Qe7 11. dxe5 dxe5 12. e4 a5 13. Rad1 Nc5 14. h3 Bd7 15. Bc1 Rfe8 16. b3 Na6 17. Na4 Nb4 18. Qe2 b5 19. Nb6 Rab8 20. Nxd7 Nxd7 21. cxb5 cxb5 22. a3 Nc6 23. Rd5 b4 24. axb4 axb4 25. Be3 Nf6 26. Bc5 Qb7 27. Rd2 Na5 28. Rb1 1/2-1/2

[Event "Novokuznetsk-ch"]
[Site "Novokuznetsk"]
[Date "2011.??.??"]
[Round "4"]
[White "Pantykin, Nikolai"]
[Black "Khalimanov, Alexandr"]
[Result "1-0"]
[WhiteElo "2161"]
[BlackElo "1965"]
[PlyCount "107"]
[EventDate "2011.11.19"]
[EventType "swiss"]
[EventRounds "9"]
[EventCountry "RUS"]
[SourceTitle "EXT 2013"]
[Source "ChessBase"]
[SourceDate "2012.11.22"]
[SourceVersion "1"]
[SourceVersionDate "2012.11.22"]
[SourceQuality "1"]

1. e4 e6 2. Qe2 c5 3. Nc3 Nc6 4. Nf3 Qb6 5. g3 Nd4 6. Nxd4 cxd4 7. Nd1 Qc6 8. c4 Nf6 9. Bg2 b6 10. 0-0 Bb7 11. d3 a5 12. f4 h5 13. Nf2 a4 14. Nh3 Be7 15. Ng5 Ng4 16. Nf3 Bc5 17. h3 Nh6 18. Bd2 f5 19. Nh4 0-0-0 20. e5 Qc7 21. Ng6 Rhe8 22. b4 Bf8 23. Qxh5 d6 24. Bxb7+ Kxb7 25. Qf3+ Qc6 26. Qxc6+ Kxc6 27. b5+ Kc7 28. Bb4 Nf7 29. Rae1 Kd7 30. Rf2 Ra8 31. a3 Be7 32. Rfe2 Rac8 33. Kg2 Ra8 34. g4 Bd8 35. exd6 fxg4 36. hxg4 Nxd6 37. Ne5+ Kc7 38. Nc6 g5 39. Nxd4 e5 40. Bxd6+ Kxd6 41. fxe5+ Kd7 42. e6+ Kd6 43. e7 Bc7 44. Nf5+ Kd7 45. Re4 Rh8 46. Rd4+ Ke8 47. Nd6+ Bxd6 48. Rxd6 Rh7 49. Rxb6 Rxe7 50. Rxe7+ Kxe7 51. Kf3 Rh8 52. Ra6 Rh3+ 53. Ke4 Rg3 54. Kf5 1-0

[Event "Novokuznetsk-ch op"]
[Site "Novokuznetsk"]
[Date "2009.12.05"]
[Round "6"]
[White "Pantykin, Nikolai"]
[Black "Strakhov, Andrey"]
[Result "1-0"]
[WhiteElo "2158"]
[BlackElo "1974"]
[PlyCount "83"]
[EventDate "2009.11.21"]
[EventType "swiss"]
[EventRounds "9"]
[EventCountry "RUS"]
[SourceTitle "EXT 2011"]
[Source "ChessBase"]
[SourceDate "2010.11.26"]
[SourceVersion "1"]
[SourceVersionDate "2010.11.26"]
[SourceQuality "1"]

1. e4 c6 2. d3 g6 3. g3 Bg7 4. Nc3 d6 5. Bg2 e5 6. Nge2 f5 7. Be3 Nf6 8. h3 Be6 9. Qd2 a5 10. Bh6 Kf7 11. 0-0 Nbd7 12. Bxg7 Kxg7 13. f4 Qe7 14. Rae1 fxe4 15. dxe4 Rad8 16. f5 gxf5 17. Qg5+ Kf7 18. exf5 Bc4 19. b3 Ba6 20. Rf2 d5 21. g4 Rhg8 22. Qe3 Rxg4 23. hxg4 Nxg4 24. Qh3 Nxf2 25. Qxh7+ Ke8 26. Qxe7+ Kxe7 27. Kxf2 Kf6 28. Ng3 e4 29. Rh1 Ne5 30. Ke3 Rg8 31. Rh6+ Kg5 32. Re6 Ng4+ 33. Kd4 Kf4 34. Bh3 Kxg3 35. Bxg4 Kf4 36. Rg6 Rd8 37. a3 Rh8 38. f6 b6 39. b4 Rh7 40. Ne2+ Bxe2 41. f7 Bxg4 42. f8Q+ 1-0

[Event "Novokuznetsk-ch op"]
[Site "Novokuznetsk"]
[Date "2009.11.28"]
[Round "4"]
[White "Pantykin, Nikolai"]
[Black "Egorova, Valentina"]
[Result "1-0"]
[WhiteElo "2158"]
[BlackElo "2007"]
[PlyCount "53"]
[EventDate "2009.11.21"]
[EventType "swiss"]
[EventRounds "9"]
[EventCountry "RUS"]
[SourceTitle "EXT 2011"]
[Source "ChessBase"]
[SourceDate "2010.11.26"]
[SourceVersion "1"]
[SourceVersionDate "2010.11.26"]
[SourceQuality "1"]

1. e4 c5 2. Nc3 Nc6 3. g3 g6 4. Bg2 Bg7 5. d3 d6 6. Be3 Bd7 7. Nge2 Nd4 8. 0-0 Rb8 9. Qd2 Qc8 10. f4 b5 11. Nd1 Bh3 12. c3 Bxg2 13. Kxg2 Nc6 14. Bg1 Nf6 15. Ne3 e6 16. g4 0-0 17. Ng3 b4 18. g5 Ne8 19. f5 exf5 20. exf5 Be5 21. Ng4 Qb7 22. Ne4 Ng7 23. Nh6+ Kh8 24. Be3 a5 25. Kg1 Qc7 26. Qf2 a4 27. fxg6 1-0

[Event "Novokuznetsk-ch op"]
[Site "Novokuznetsk"]
[Date "2007.11.24"]
[Round "4"]
[White "Susliakov, Dmitriy"]
[Black "Pantykin, Nikolai"]
[Result "1-0"]
[WhiteElo "2073"]
[BlackElo "2197"]
[PlyCount "109"]
[EventDate "2007.11.24"]
[EventType "swiss"]
[EventRounds "9"]
[EventCountry "RUS"]
[SourceTitle "EXT 2022"]
[Source "ChessBase"]
[SourceDate "2021.10.06"]
[SourceVersion "1"]
[SourceVersionDate "2021.10.06"]
[SourceQuality "1"]

1. e4 d6 2. d4 g6 3. Be2 Nf6 4. Nc3 Bg7 5. h4 c5 6. dxc5 Qa5 7. Nf3 Nxe4 8. 0-0 Nxc3 9. bxc3 Qxc3 10. Rb1 Qxc5 11. Bb5+ Nc6 12. Re1 a6 13. Be3 Qh5 14. Bxc6+ bxc6 15. Bg5 f6 16. Qxd6 0-0 17. Qxc6 Bg4 18. Rxe7 fxg5 19. Rbb7 Bf6 20. Qc7 Bxe7 21. Qxe7 Qh6 22. hxg5 Rae8 23. gxh6 Rxe7 24. Rxe7 Bxf3 25. Rg7+ Kh8 26. gxf3 Rxf3 27. Ra7 Kg8 28. Ra8+ Kf7 29. Rh8 g5 30. Rxh7+ Kg6 31. Ra7 Kxh6 32. Rxa6+ Kh5 33. Rb6 Rc3 34. Rb2 Kg6 35. Kf1 Kf5 36. Ke2 Ke4 37. a4 Ra3 38. Rb4+ Ke5 39. Rb5+ Kf4 40. Rb4+ Ke5 41. Rb5+ Kf4 42. Ra5 g4 43. Ra8 Ra2 44. Kd2 Kf3 45. a5 Kxf2 46. a6 Ra3 47. a7 Kg3 48. c4 Kg2 49. c5 Ra6 50. c6 Rxc6 51. Rd8 Ra6 52. a8Q+ Rxa8 53. Rxa8 g3 54. Ke2 Kh2 55. Kf3 1-0